00691nam a2200241 a 4500001001300000003000900013005001700022008004100039020001000080082001500090100001400105245005300119260002800172300000900200500003500209505002700244650001900271700001400290902000800304942000700312952011500319999001500434nice12345678IN_TiNIC20260116011457.0050524s1916 pata grp 000 0 ger  ac10000a297.4bBAU aBauber, H aUber Intention, Reine Absicht Und Wahrhaftigkeit aPatnabHalle A.S.c1916 a120p aincludes index and biblioraphy2 aEssai De Bibliographie aSufism-Ghazali1 aBauber, H bSRS cBK 001040708StackRoom-aHMIbHMId2008-03-11g100.00l0o297.4 BAUp01081r2008-03-11v100.00w2005-05-24yBK c1891d1891